Les nombrils (BD) - Statistiques

Statistiques générales
  • Ce quiz a été pris 36 fois
  • Le résultat moyen est 11 sur 16
Statistiques - réponses
Par images Réponse % Correct
jenny
100%
karine
93%
vicky
83%
albin
80%
dan
80%
hugo
73%
mégane
73%
mélanie
73%
jenna
63%
murphy
60%
rebecca
57%
dieudonné
53%
james
53%
lizon
47%
vinko
47%
kate
17%
Aucun quiz correspondant
Distribution des résultats
% des personnes avec chaque résultat
Percentile par nombre de réponses
Votre historique - résultats
Vous n’avez pas pris ce quiz